| 000 | 00481nam a2200157Ia 4500 | ||
|---|---|---|---|
| 003 | GCL | ||
| 008 | 140319s9999 xx 000 0 eng d | ||
| 040 |
_aGCL / _cGCL |
||
| 082 | 0 | 4 |
_aCC _b054.962031 _bC R |
| 100 | 1 | _aCATTAUI,RENE | |
| 245 | 1 | 0 |
_aLA REGNE DE MOHAMED ALI D'APRES LES ARCHIVES RUSSES EN EGYPTE / _cCATTAUI,RENE |
| 260 |
_a[S.N] : _bLA SOCIETE DE GEOGRAPHIE D'EGYPTE ، _c1936 |
||
| 650 | 0 | 4 | _aLA SOCIETE DE GEOGRAPHIC D'EGY |
| 650 | 0 | 4 | _aPERIODICALS |
| 942 |
_2ddc _cBK |
||
| 999 |
_c17194 _d17194 |
||